000 00770nam a22002417a 4500
005 20250409170515.0
008 250409b |||||||| |||| 00| 0 eng d
020 _a978-1-62698-033-4 (pbk)
037 _cTB
040 _aAL
_cAL
041 _2eng
_aeng
084 _aV2y7M69 Q2
_qAL
100 _aDouglass, James W.
_9403877
245 _aGandhi and the unspeakable:
_bHis final experiment with truth
260 _aNew York, USA:
_bOrbis Books,
_c2012.
300 _axv, 158p.
365 _b20.00
_cUSD
650 _aGandhi, Mahatama
_94156
650 _aIndia-History
650 _aHistory
942 _2CC
_cTB
_hV2y7M69 Q2
_n0
999 _c1308610
_d1308610